| 000 | 00000nam 2200000za 4500 |
| 001 | 9.560801 |
| 003 | CaOODSP |
| 005 | 20221107133942 |
| 007 | cr ||||||||||| |
| 008 | 150406s2006 onc|||||o f00| 0 eng d |
| 020 | |a0-662-43618-0 |
| 040 | |aCaOODSP|beng |
| 043 | |an-cn--- |
| 086 | 1 |aCS82-620/2-2006E-HTML |
| 245 | 00|aOverview of Canadians' eating habits |h[electronic resource] / |cby Didier Garriguet. |
| 260 | |a[Ottawa] : |bStatistics Canada,|c[2006]. |
| 490 | 1 |aNutrition|x1716-6713|vNo. 2 |
| 590 | |a14-19-Supp|b2014-11-03 |
| 710 | 2 |aStatistics Canada. |
| 775 | 08|tVue d'ensemble des habitudes alimentaires des Canadiens |w(CaOODSP)9.593449 |
| 830 | #0|aNutrition: findings from the Canadian community health survey (Online)|x1716-6713|vNo. 2|w(CaOODSP)9.504900 |
| 856 | 40|uhttp://www.statcan.gc.ca/pub/82-620-m/82-620-m2006002-eng.htm|sN/A|qHTML |